000 00360nam a2200145Ia 4500
008 231129s2012||||xx |||||||||||||| ||spa||
020 _a978-84-15163-49-7. -
040 _bspa
082 _a741.5 J39a
100 _aJason seudónimo
245 0 _aAthos en América
260 _c2012
264 _aDelfí­n
942 _2ddc
_cBKS
999 _c5765
_d5765